| 000 | 00732nam a2200181Ia 4500 | ||
|---|---|---|---|
| 008 | 151121s9999||||xx |||||||||||||| ||und|| | ||
| 082 | _a920/देवगि | ||
| 082 | _bHNW-15343 | ||
| 100 | _aदेवगिरीकर त्र्यं। र । | ||
| 245 | _aवासुकाका जोशी व त्यांचा काल | ||
| 260 | _c-- | ||
| 300 | _a620 | ||
| 600 | _aदेवगिरीकर त्र्यं। र । | ||
| 630 | _aवासुकाका जोशी व त्यांचा काल | ||
| 700 | _aदेवगिरीकर त्र्यं। र । | ||
| 730 | _aवासुकाका जोशी व त्यांचा काल | ||
| 942 | _cBOOK | ||
| 999 |
_c1218565 _d1218562 |
||